000 00712nam a22002537a 4500
003 DO-SdBNP
005 20260321073646.0
006 a||||gr|||| 00| 0
007 ta
008 240416e1968 dr ||||| |||| 00| 0 spa d
040 _aDO-SdBNP
_bspa
_cBNPHU
_erda
082 4 _222
_bB742p
100 1 _a Bosch, Juan,
_d1909-2001
_eautor
_976555
245 1 0 _aEl pentagonismo /
_cJuan Bosch
264 1 _aMonte Video :
_bEl Siglo Ilustrado,
_c1968
300 _a138 páginas ;
_c21 cm.
336 _2rdacontent
_atexto
_btxt
337 _2rdamedia
_asin mediación
_bn
338 _2rdacarrier
_avolumen
_bnc
490 _aLibro de bolsillo
590 _aInventariado 2024 / DG
910 _aDG
942 _2ddc
_cLBS1
999 _c56426
_d56426